Online katalóg knižníc regiónu Turca

Cililing (Record no. 22282)

MARC details
000 -LEADER
fixed length control field 02016cam a2200577 a 4500
001 - CONTROL NUMBER
control field 22282
003 - CONTROL NUMBER IDENTIFIER
control field VRT
005 - DATE AND TIME OF LATEST TRANSACTION
control field 20260325092013.0
008 - FIXED-LENGTH DATA ELEMENTS--GENERAL INFORMATION
fixed length control field 160610s2014 xr a b 000 j slo
015 ## - NATIONAL BIBLIOGRAPHY NUMBER
National bibliography number SNBZSA2015
020 ## - INTERNATIONAL STANDARD BOOK NUMBER
International Standard Book Number 9788025222492 (viaz.)
035 ## - SYSTEM CONTROL NUMBER
System control number 6B0EFA17-1B48-4CC9-A8F8-2B04D1E1A7F4
035 ## - SYSTEM CONTROL NUMBER
System control number urn:nbn:sk:snk-amkzjq
035 ## - SYSTEM CONTROL NUMBER
System control number urn:nbn:sk:snk-am008oyx
039 #9 - LEVEL OF BIBLIOGRAPHIC CONTROL AND CODING DETAIL [OBSOLETE]
Level of rules in bibliographic description 201606101504
Level of effort used to assign nonsubject heading access points VLOAD
Level of effort used to assign subject headings 201604291510
Level of effort used to assign classification VLOAD
Level of effort used to assign subject headings 201604271823
Level of effort used to assign classification VLOAD
Level of effort used to assign subject headings 201510071143
Level of effort used to assign classification msnk36
040 ## - CATALOGING SOURCE
Original cataloging agency VTHK
Language of cataloging slo
Transcribing agency VTHK
Modifying agency SNK
Description conventions AACR2
041 1# - LANGUAGE CODE
Language code of text/sound track or separate title slo
Language code of original eng
044 ## - COUNTRY OF PUBLISHING/PRODUCING ENTITY CODE
MARC country code xr
ISO country code CZ
072 #7 - SUBJECT CATEGORY CODE
Subject category code 821-93
Subject category code subdivision Literatúra pre deti a mládež (beletria)
Source konspekt
072 #7 - SUBJECT CATEGORY CODE
Subject category code 821.111(73)
Subject category code subdivision Americká literatúra
Source konspekt
080 ## - UNIVERSAL DECIMAL CLASSIFICATION NUMBER
Universal Decimal Classification number 821.111(73)-34
Edition identifier 2001
080 ## - UNIVERSAL DECIMAL CLASSIFICATION NUMBER
Universal Decimal Classification number (0:82-32)
Edition identifier 2001
080 ## - UNIVERSAL DECIMAL CLASSIFICATION NUMBER
Universal Decimal Classification number (0.053.2)
Edition identifier 2001
080 ## - UNIVERSAL DECIMAL CLASSIFICATION NUMBER
Universal Decimal Classification number 821-93
Edition identifier 2001
110 2# - MAIN ENTRY--CORPORATE NAME
Corporate name or jurisdiction name as entry element Disney Enterprises
245 10 - TITLE STATEMENT
Title Cililing
Statement of responsibility, etc. Disney Enterprises
246 38 - VARYING FORM OF TITLE
Title proper/short title Rozprávkové čítanie
260 ## - PUBLICATION, DISTRIBUTION, ETC.
Place of publication, distribution, etc. V Prahe
Name of publisher, distributor, etc. Egmont ČR
Date of publication, distribution, etc. 2012
300 ## - PHYSICAL DESCRIPTION
Extent 96 s.
Other physical details fareb. ilustr.
Dimensions 29 cm
490 1# - SERIES STATEMENT
Series statement Rozprávkové čítanie
490 1# - SERIES STATEMENT
Series statement Disney. Víly
500 ## - GENERAL NOTE
General note Názov z obalu
500 ## - GENERAL NOTE
General note Dokument obsahuje 3 diela
655 #7 - INDEX TERM--GENRE/FORM
Genre/form data or focus term americké rozprávky
Source of term SNKPH
655 #7 - INDEX TERM--GENRE/FORM
Genre/form data or focus term American fairy tales
Source of term SNKPHeng
655 #7 - INDEX TERM--GENRE/FORM
Genre/form data or focus term príbehy
Source of term SNKPH
655 #7 - INDEX TERM--GENRE/FORM
Genre/form data or focus term Stories
Source of term SNKPHeng
655 #7 - INDEX TERM--GENRE/FORM
Genre/form data or focus term publikácie pre deti
Source of term SNKPH
655 #7 - INDEX TERM--GENRE/FORM
Genre/form data or focus term Children’s literature
Source of term SNKPHeng
710 22 - ADDED ENTRY--CORPORATE NAME
Corporate name or jurisdiction name as entry element Disney Enterprises
Title of a work Tinker Bell and the Great Fairy Rescue
Language of a work Slovensky
710 22 - ADDED ENTRY--CORPORATE NAME
Corporate name or jurisdiction name as entry element Disney Enterprises
Title of a work Tanker Bell and the Secret of the Wings
Language of a work Slovensky
740 02 - ADDED ENTRY--UNCONTROLLED RELATED/ANALYTICAL TITLE
Uncontrolled related/analytical title Narodenie víly
740 02 - ADDED ENTRY--UNCONTROLLED RELATED/ANALYTICAL TITLE
Uncontrolled related/analytical title Tajomstvo krídiel
740 02 - ADDED ENTRY--UNCONTROLLED RELATED/ANALYTICAL TITLE
Uncontrolled related/analytical title Veľká záchranná výprava
752 ## - ADDED ENTRY--HIERARCHICAL PLACE NAME
Country or larger entity Česko
City Praha
830 #0 - SERIES ADDED ENTRY--UNIFORM TITLE
Uniform title Rozprávkové čítanie
830 #0 - SERIES ADDED ENTRY--UNIFORM TITLE
Uniform title Disney
Name of part/section of a work Víly
942 ## - ADDED ENTRY ELEMENTS (KOHA)
Source of classification or shelving scheme Dewey Decimal Classification
Koha item type Krásna literatúra pre deti
Suppress in OPAC No
949 ## - LOCAL PROCESSING INFORMATION (OCLC)
6 17A1141814
a snkSB 88088
b snk2015/9542
o Pemic14-ah/32Int. č. fa – 14/2015
s 6100:20151006
Holdings
Stav vyradenia Strata Poškodenie Spôsob nadobudnutia Domovská knižnica Aktuálna knižnica Dátum nadobudnutia Total checkouts Čiarový kód exemplára Date last seen Typ exemplára
      Dar Obecná knižnica Turčianska Štiavnička Obecná knižnica Turčianska Štiavnička 25.03.2026   4738000714 25.03.2026 Krásna literatúra pre deti
Projekt je podporený Slovenskou asociáciou knižníc
Prevádzkuje Turčianska knižnica Martin 2026